00476nam a2200169Ia 4500008004100000100002100041245005200062245002000114260000800134260000900142300002900151440005700180650001700237650001700254650002300271650001200294180910s9999 xx 000 0 und d aSmith, Eliot, R. aJournal of Personalilty and Social Psychology / cEliot R. Smith. bUSA c2018 apages 1-94, January 2018 aJournal of Personalilty and Social Psychologyv114:1 aPeriodicals. aPersonality. aSocial Psychology. aTraits.